000 00390nam a2200157Ia 4500
008 240729s9999 xx 000 0 und d
022 _a2716-2478
245 0 _aInPrime
260 _aIndonesia
260 _bUIN Syarif Hidayatullah
650 _a Mathematics
650 _aScience
856 _uhttps://doaj.org/toc/8284bf62a6184ffaaa5627ed79f3306d
942 _2ddc
942 _cDOAJEJ
999 _c67900
_d67900
945 _a1
_bMadushi Gamage
_c1
_dMadushi Gamage